000 00321nam a22001337a 4500
008 170202b xxu||||| |||| 00| 0 eng d
020 _a9780942364156
041 _aeng
080 _a61
100 _a3
101 _aSHM
245 _aWHERE THERE IS NO DOCTOR/ A VILLAGE HEALTH CARE HANDBOOK
_cWERNER, D
942 _2udc
_cBK
999 _c4382
_d4382